| 000 | 00776nam a22002417a 4500 | ||
|---|---|---|---|
| 005 | 20170124110154.0 | ||
| 010 | _aA-826777 | ||
| 020 |
_c95.00 _a0285632736 |
||
| 035 | _aA-826777 | ||
| 037 | _bCen Lib/Ret | ||
| 040 |
_aDPL _bEN |
||
| 082 |
_a181.493 _bESE |
||
| 245 |
_aEsential teachings : _cedited by Marianne Dresser; translated by Zelie Pollon _bhis holiness the dalai lama / |
||
| 260 |
_aCalcutta _bRupa & Co. _c1995 |
||
| 270 |
_bCalcutta _a15 bunkim chatterjee street _e700073 |
||
| 300 |
_a152p. _c21cm(Hb) |
||
| 500 | _aIncludes glossary | ||
| 650 |
_z _aBodhisattvas _934730 |
||
| 650 |
_aMādhyamika (Buddhism) _913364 |
||
| 700 |
_aDresser, Marianne _934731 |
||
| 700 |
_aPollon, Zelie _934732 |
||
| 942 |
_2ddc _cEN _h181.493 _mESE |
||
| 999 |
_c132447 _d132447 |
||